| 000 | 00514nam a22001697a 4500 | ||
|---|---|---|---|
| 005 | 20241012062519.0 | ||
| 008 | 241010b |||||||| |||| 00| 0 eng d | ||
| 020 | _a9781835357408 | ||
| 082 | _aDC 658.87 C355 2025 | ||
| 100 |
_aChambers, Harry. _962702 |
||
| 245 |
_aRetail management / _cHarry Chambers. |
||
| 260 |
_aUK : _bEd-Tech Press, _c©2025. |
||
| 300 |
_avii, 276 pages : _billustrations ; _c26 cm. |
||
| 500 | _aIncludes bibliography and index. | ||
| 650 | 0 |
_aRetail management. _97235 |
|
| 942 |
_2ddc _cDC |
||
| 999 |
_c22431 _d22431 |
||